[Event "Saratov-A"]
[Site "Saratov"]
[Date "2009.08.17"]
[Round "11"]
[White "Birjukov, Nikolay"]
[Black "Lavretzkij, Roman"]
[Result "1/2-1/2"]
[WhiteElo "2302"]
[BlackElo "2313"]
[PlyCount "24"]
[EventDate "2009.08.10"]
[EventType "tourn"]
[EventRounds "13"]
[EventCountry "RUS"]
[EventCategory "4"]
[SourceTitle "CBM 132 Extra"]
[Source "ChessBase"]
[SourceDate "2009.11.03"]
[SourceVersion "1"]
[SourceVersionDate "2009.11.03"]
[SourceQuality "1"]

1. d4 d5 2. c4 c6 3. Nf3 Nf6 4. e3 Bf5 5. Bd3 Bxd3 6. Qxd3 e6 7. 0-0 Nbd7 8. Nc3 Bb4 9. Bd2 Qe7 10. a3 Bxc3 11. Bxc3 a5 12. Nd2 0-0 1/2-1/2

[Event "Saratov-A"]
[Site "Saratov"]
[Date "2009.08.13"]
[Round "6"]
[White "Birjukov, Nikolay"]
[Black "Matinian, Nikita"]
[Result "1/2-1/2"]
[WhiteElo "2302"]
[BlackElo "2347"]
[PlyCount "72"]
[EventDate "2009.08.10"]
[EventType "tourn"]
[EventRounds "13"]
[EventCountry "RUS"]
[EventCategory "4"]
[SourceTitle "CBM 132 Extra"]
[Source "ChessBase"]
[SourceDate "2009.11.03"]
[SourceVersion "1"]
[SourceVersionDate "2009.11.03"]
[SourceQuality "1"]

1. d4 Nf6 2. c4 g6 3. Nc3 Bg7 4. Nf3 0-0 5. Bf4 d6 6. h3 c5 7. d5 b5 8. cxb5 a6 9. a4 Qa5 10. Bd2 axb5 11. Nxb5 Qb6 12. Nc3 Na6 13. e4 Nb4 14. Bb5 Ne8 15. 0-0 Nc7 16. Be2 f5 17. exf5 Bxf5 18. Bg5 Nc2 19. Ra2 Rf7 20. g4 Nb4 21. gxf5 Nxa2 22. fxg6 hxg6 23. Nxa2 Qxb2 24. Nc1 Qa3 25. Bd3 c4 26. Be4 Bf6 27. Bh6 Rh7 28. Qd2 c3 29. Qe3 Rxa4 30. Bxg6 Qc5 31. Bxh7+ Kxh7 32. Qxc5 dxc5 33. Be3 Nxd5 34. Bxc5 c2 35. Be3 Ra3 36. Ne2 Bb2 1/2-1/2

[Event "Saratov-A"]
[Site "Saratov"]
[Date "2009.08.13"]
[Round "5"]
[White "Nukin, Ashat"]
[Black "Birjukov, Nikolay"]
[Result "1/2-1/2"]
[WhiteElo "2343"]
[BlackElo "2302"]
[PlyCount "77"]
[EventDate "2009.08.10"]
[EventType "tourn"]
[EventRounds "13"]
[EventCountry "RUS"]
[EventCategory "4"]
[SourceTitle "CBM 132 Extra"]
[Source "ChessBase"]
[SourceDate "2009.11.03"]
[SourceVersion "1"]
[SourceVersionDate "2009.11.03"]
[SourceQuality "1"]

1. e4 c5 2. Nf3 Nc6 3. d4 cxd4 4. Nxd4 e5 5. Nb5 d6 6. c4 Be7 7. N1c3 a6 8. Na3 f5 9. exf5 Bxf5 10. Bd3 Be6 11. 0-0 Nf6 12. Nc2 0-0 13. Qe2 Qd7 14. Be3 Ng4 15. Rad1 Nxe3 16. Qxe3 Rad8 17. b3 Qe8 18. Be4 Kh8 19. Nd5 Rd7 20. Nxe7 Nxe7 21. Rd3 b5 22. Rfd1 bxc4 23. Rxd6 cxb3 24. axb3 Ng8 25. Rxd7 Bxd7 26. Bd3 Bb5 27. Bxb5 axb5 28. Qc5 Nf6 29. Re1 Qf7 30. f3 e4 31. Nd4 h6 32. h3 Re8 33. fxe4 Nxe4 34. Qf5 Nf6 35. Rxe8+ Qxe8 36. Qe6 Qb8 37. Nf3 Qd8 38. Kf2 Qf8 39. Ke2 1/2-1/2

[Event "Saratov-A"]
[Site "Saratov"]
[Date "2009.08.11"]
[Round "3"]
[White "Sharafiev, Azat"]
[Black "Birjukov, Nikolay"]
[Result "1/2-1/2"]
[WhiteElo "2425"]
[BlackElo "2302"]
[PlyCount "57"]
[EventDate "2009.08.10"]
[EventType "tourn"]
[EventRounds "13"]
[EventCountry "RUS"]
[EventCategory "4"]
[SourceTitle "CBM 132 Extra"]
[Source "ChessBase"]
[SourceDate "2009.11.03"]
[SourceVersion "1"]
[SourceVersionDate "2009.11.03"]
[SourceQuality "1"]

1. e4 c5 2. Nf3 Nc6 3. Bb5 e6 4. 0-0 Nge7 5. Re1 a6 6. Bf1 d5 7. exd5 Nxd5 8. d4 Be7 9. dxc5 Bxc5 10. c4 Nf6 11. Qxd8+ Nxd8 12. Nc3 Bd7 13. Ne5 Nc6 14. Nxd7 Kxd7 15. Rd1+ Ke7 16. b3 Rhd8 17. Bb2 Kf8 18. Be2 Nd4 19. Bd3 Rd7 20. Na4 Ba7 21. Ba3+ Ke8 22. Bc5 Bxc5 23. Nxc5 Rc7 24. b4 Rd8 25. a3 Nd7 26. Na4 Ne5 27. Nb2 Nb3 28. Rab1 Ke7 29. Be2 1/2-1/2